| 000 | 01300ngm a22003130a 4500 | ||
|---|---|---|---|
| 001 | PT16549 | ||
| 003 | AR-LpoUNG | ||
| 005 | 20210202000214.0 | ||
| 007 | vd cvaizq | ||
| 008 | 191001s2001||||ag |||||||||||||||||spa d | ||
| 037 | _c$8.30 | ||
| 040 |
_aAR-LpoUNG _bspa _cAR-LpoUNG _eaacr |
||
| 041 | _aspa | ||
| 044 | _aag | ||
| 082 | 0 | _a909 532v19 | |
| 245 | 1 | 3 |
_aLa revolución americana : _bla república americana |
| 260 |
_aBuenos Aires : _bKalender Video Argentina, _c2001. |
||
| 300 | _aVHS (56 min.) : son., byn, col. | ||
| 520 | _aDesde la decadencia de las ciudades-estado en la Antigua Grecia, la humanidad tuvo que esperar casi dos mil años para que reaparecieran las sociedades democráicas. La primera fue la de Estados Unidos. A partir de la guerra del te y la emancipación de Inglaterra se inicia la democratización en el sentido más moderno de la palabra, proceso en el cual las ideas desempeñan un papel fundamental al conciliar la libertad individual con la igualdad social y la prosperidad económica. | ||
| 650 | 4 | _aANALISIS HISTORICO | |
| 650 | 4 | _aESTADOS UNIDOS | |
| 650 | 4 | _aHISTORIA | |
| 650 | 4 | _aINDEPENDENCIA | |
| 653 | _aVIDEOS | ||
| 653 | _aVIDEOS DIDACTICOS | ||
| 710 | 2 | _aMetropolitan Museum of Art (New York) | |
| 905 | _a16549 | ||
| 942 | _cVIDEO | ||
| 999 |
_c54331 _d54331 |
||